000 00763nam a2200205 a 4500
001 000257236
003 AM-YeHGA
005 20250618071726.0
008 030902s1977 ai a||||||||||||||1|arm|d
040 _aAM-YeHGA
041 0 _aarm
100 1 _aԱրամյան, Վալտեր Գևորգի,
_d1909-1994
_9975
245 1 0 _aԱրահետներ /
_cՎ. Արամյան.
260 _aԵրևան :
_bՍովետական գրող,
_c1977.
300 _a322 էջ :
_bդիմանկ., նկ. ;
_c20 սմ.
505 0 _aԲովանդ.՝ Արահետներ ; Հյուսիսային պատմվածքներ ; Խայտաբղետ պատմվածքներ ; Ակնարկներ
650 1 4 _aՀայ գրականություն
_xՊատմվածք
942 _2udc
_cBK
090 _c93965
999 _c92666
_d92666